Statystyki dla JAKICH INSTRUMENTÓW UŻYWA ZESPÓŁ WESELNY?

Kliknij tutaj aby rozwiązać quiz!

Ogólne statystyki

  • Ten quiz został rozwiązany 88 razy
  • Średni wynik to 4 z 5

Statystyki odpowiedzi

Odpowiedz% Poprawnych
Gitara
96%
Perkusja
82%
Keyboard
59%
Akordeon
58%
Saksofon
57%

Rozkład punktacji

Percentyl według liczby udzielonych odpowiedzi

Procent ludzi z każdym wynikiem

Twoja historia wyników

Nie rozwiązałeś tego quizu